La eficacia de la sentencia en el sistema de comunicacin̤ entre padres e hijos

Bibliographic Details
Main Author: Ballarin, Silvana Raquel
Format: eBook
Language:Spanish
Published: La Plata: Editora Platense, 2013
Subjects:
Online Access:Acceso restringido

MARC

LEADER 00000nam a22000007a 4500
005 20140715230659.0
007 cr|||| ||||
008 140715s2013 ar |||||s|||| 00||0 spa d
020 |a 978-950-536-244-8 
035 |a 12291 
040 |a vLex 
090 |c 5075  |d 5075 
100 1 |a Ballarin, Silvana Raquel 
245 1 3 |a La eficacia de la sentencia en el sistema de comunicacin̤ entre padres e hijos  |h [Recurso electrn̤ico] /  |c Silvana Raquel Ballarin 
256 |a Servicio en ln̕ea 
260 |a La Plata:  |b Editora Platense,  |c 2013 
300 |a 1 recurso electrn̤ico 
506 1 |a Disponible solo en los productos indicados  |d vLex Global  |d vLex Global (Academic Edition, excluding Law Schools)  |d vLex Global (U.S. Academic Edition, Law Schools)  |d vLex Global (U.S. Academic Edition, excluding Law Schools)  |d vLex Global (Academic Edition, Law Schools) 
650 0 4 |a Derecho Civil  |z Argentina 
650 0 4 |a Familia y Sucesiones  |z Argentina 
740 0 |a vLex Libros (Servicio en ln̕ea) 
856 4 0 |u http://vlex.com/source/eficacia-de-la-sentencia-en-el-sistema-de-comunicacion-entre-padres-e-hijos-12291  |z Acceso restringido 
942 |c BOOK 
999 0 |a Civil Law 
999 0 |a Family and Inheritance